Changing the face of the waters : (Record no. 15696)

000 -LEADER
fixed length control field 00688cam a22002054a 4500
020 ## - INTERNATIONAL STANDARD BOOK NUMBER
ISBN 9780821370155
020 ## - INTERNATIONAL STANDARD BOOK NUMBER
ISBN 0821370154
040 ## - CATALOGING SOURCE
Transcribing agency DLC
082 00 - DEWEY DECIMAL CLASSIFICATION NUMBER
Classification number 338 WOR 2007 A079 Or.
245 00 - TITLE STATEMENT
Title Changing the face of the waters :
Remainder of title the promise and challenge of sustainable aquaculture.
246 30 - VARYING FORM OF TITLE
Title proper/short title Promise and challenge of sustainable aquaculture
260 ## - PUBLICATION, DISTRIBUTION, ETC. (IMPRINT)
Place of publication Washington, DC :
Name of publisher World Bank,
Year of publication c2007.
300 ## - PHYSICAL DESCRIPTION
Number of Pages xvii, 188 p. :
Other physical details ill. ;
Dimensions 23 cm.
490 1# - SERIES STATEMENT
Series statement Agriculture and rural development
650 #0 - SUBJECT ADDED ENTRY--TOPICAL TERM
Topical Term Sustainable aquaculture.
650 #0 - SUBJECT ADDED ENTRY--TOPICAL TERM
Topical Term Aquaculture industry.
710 2# - ADDED ENTRY--CORPORATE NAME
Corporate name or jurisdiction name as entry element World Bank.
856 41 - ELECTRONIC LOCATION AND ACCESS
Uniform Resource Identifier http://www.loc.gov/catdir/toc/ecip0719/2007022001.html
942 ## - ADDED ENTRY ELEMENTS (KOHA)
Koha item type សៀវភៅភាសាអង់គ្លេស
952 ## - LOCATION AND ITEM INFORMATION (KOHA)
Withdrawn status [LOCAL, KOHA] 0
Holdings
Permanent Location Date acquired Koha item type Lost status Shelving location Barcode Current Location Full call number
Library Block A2017-12-06សៀវភៅភាសាអង់គ្លេស A078A09370Library Block A338 WOR 2007 A078 Or.
មជ្ឈមណ្ឌលឯការនៃសាកលវិទ្យាល័យភូមិន្ទកសិកម្មចំការដូង

Powered by Koha